000 00354nam a2200133Ia 4500
008 100328s9999 xx 000 0 und d
082 _b19119
100 _aबनारसे वि.ब.
245 _aकामिनी
260 _bप.अ.कुलकर्णी
630 _aकामिनी
730 _aकामिनी
942 _cBOOK
999 _c513460
_d513457